00393nam a22001337a 4500003000500000038001500005082000800020100001800028245008800046260003700134300003200171500001500203600004100218NUST aMr. Zahoor a621 aAtta Ul Wasay aModelling and FEM Analysis of 3D Printable Robotic Prosthetic Hand /cAtta Ul Wasay aIslamabad :bCEME - NUST,c2016. axii, 76 p. : ill. ;c30 cm. aHardcover. 2Mechatronics Engineering - MS Thesis